| 000 | 00842nam a22002657i 4500 | ||
|---|---|---|---|
| 999 |
_c22853 _d22853 |
||
| 003 | AR-CdUCM | ||
| 008 | 240502b20222022 pe||||| |||| 00| 0 spa d | ||
| 020 | _a978-612-48872-1-5 | ||
| 040 |
_aMUNICIPALIDAD PROVINCIAL DEL CUSCO _cBIBLIOTECA MUNICIPAL DEL CUSCO |
||
| 082 |
_a869.56 / R146T _bR146T |
||
| 100 |
_aRado Yañez, Carlos. _947288 |
||
| 245 |
_aUn terno para Umberto : _bCuentos a medida / |
||
| 260 |
_aLima : _c2022 |
||
| 300 |
_a91 páginas. : _c20 cm. |
||
| 650 |
_aQuisicosa _949668 |
||
| 650 |
_aRecónditos contornos _949669 |
||
| 650 |
_aCarón _949670 |
||
| 650 |
_aTiresias _949671 |
||
| 650 |
_aNonatos y neonatos _949672 |
||
| 650 |
_aLa octava potencia _949673 |
||
| 650 |
_aUn terno para Umberto _949701 |
||
| 650 |
_aColofón: Contar para filosofar _949675 |
||
| 942 |
_2ddc _cLIBROS |
||
| 945 |
_apbj _d2024-05-02 |
||